| 000 | 00387nam a2200169Ia 4500 | ||
|---|---|---|---|
| 100 | _aVenkateshan/S.P | ||
| 650 | _aComputational methods | ||
| 942 | _cBK | ||
| 366 | _f20 | ||
| 654 | _acomputational methods | ||
| 245 | _aComputational methods in Engineering | ||
| 260 |
_bAne Books _c2014 |
||
| 082 |
_a5.131 _bVEN |
||
| 300 | _a672 | ||
| 546 |
_aENGLISH _cComputers |
||
| 999 |
_c28159 _d28159 |
||